Sátiras /

Guardado en:
Autor Principal: Juvenal
Otros Autores: Persio
Formato: Libro
Publicado: España : Hernando, 1892
Series:Bibl. Clásica
Materias:
Etiquetas: Agregar Etiqueta
Sin Etiquetas, Sea el primero en etiquetar este registro!
LEADER 00506nam a22002055a 4500
001 CEM.cems003532
005 19000101000000.0
008 130507s1892##################000#0#####d
003 CEMS
082 0 4 |a 877 
100 1 |a Juvenal 
245 1 0 |a Sátiras / 
260 |a España :  |b Hernando,  |c 1892 
300 |a 373 p. 
490 0 |a Bibl. Clásica 
653 |a Literatura 
653 |a Literatura latina 
653 |a Satira latina 
700 1 |a Persio 
859 |a CEMS  |b BIB. CEMS - 11 de abril  |h 877  |i J988  |p 5587.76  |t Ej.1